Name the Osbourne Family Members - Statistics

General Stats
  • This quiz has been taken 23 times
  • The average score is 4 of 5
Answer Stats
Name % Correct
Ozzy
100%
Sharon
86%
Kelly
71%
Jack
67%
Amy
33%
No matching quizzes found
Score Distribution
Percent of People with Each Score
Percentile by Number Answered
Your Score History
You have not taken this quiz